书目信息 |
| 题名: |
水经注碑录
|
|
| 作者: | 施垫存 撰 | |
| 分册: | ||
| 出版信息: | 天津 天津古籍出版社 1987 |
|
| 页数: | 441页 | |
| 开本: | 20cm | |
| 丛书名: | ||
| 单 册: | ||
| 中图分类: | K928.4 | |
| 科图分类: | ||
| 主题词: | 碑刻--中国--古代 , 地理--中国 | |
| 电子资源: | ||
| ISBN: | ||
| 000 | 00681nam0 2200265 45 | |
| 001 | 0187008227 | |
| 005 | 20040513144105.9 | |
| 010 | @b精装@dCNY7.00 | |
| 091 | @a11330.6 | |
| 100 | @a19900903d1987 emky0chiy0121 ea | |
| 101 | 0 | @achi |
| 102 | @aCN@b120000 | |
| 105 | @af z 000yy | |
| 106 | @ar | |
| 200 | 10 | @a水经注碑录@Ashui jing zhu bei lu@f施垫存撰 |
| 210 | @a天津@c天津古籍出版社@d1987 | |
| 215 | @a441页@c图@d20cm | |
| 605 | @a水经注@x碑刻 | |
| 606 | @a碑刻@y中国@z古代 | |
| 606 | 0 | @a地理@x中国 |
| 690 | @aK928.4 | |
| 701 | 0 | @a施垫存@Ashi dian cun@4撰 |
| 801 | 0 | @aCN@b深圳图书馆@c20040513 |
| 801 | 2 | @aCN@bNLC@c20040513 |
| 905 | @f1@b257009@dK928.4@e183 | |
| 水经注碑录/施垫存撰.-天津:天津古籍出版社,1987 |
| 441页:图;20cm |
| ISBN (精装):CNY7.00 |
| ● |
| 相关链接 |
|
|
|
|
正题名:水经注碑录
索取号:K928.4/183
 
预约/预借
| 序号 | 登录号 | 条形码 | 馆藏地/架位号 | 状态 | 备注 |
| 1 | 0257008 | 000084205 | 第二样本阅览室/ [索取号:K928.4/183] | 在馆 | |
| 2 | 0257009 | 000084214 | 第二借阅区/ [索取号:K928.4/183] | 在馆 |